[Event "Fagernes TV2 Elo op"]
[Site "Fagernes"]
[Date "2017.04.11"]
[Round "3"]
[White "Mjaaland, Bendik"]
[Black "Brobakken, Lars Erik"]
[Result "1-0"]
[WhiteElo "1536"]
[BlackElo "1740"]
[PlyCount "53"]
[EventDate "2017.04.09"]
[EventType "swiss"]
[EventRounds "9"]
[EventCountry "NOR"]
[SourceTitle "CBM 177 Extra"]
[Source "ChessBase"]
[SourceDate "2017.04.27"]
[SourceVersion "1"]
[SourceVersionDate "2017.04.27"]
[SourceQuality "1"]

1. e4 c5 2. Nc3 g6 3. f4 Bg7 4. Nf3 Nc6 5. Bb5 Nd4 6. 0-0 Nxb5 7. Nxb5 Nf6 8. d3 d6 9. Qe1 a6 10. Nc3 0-0 11. a4 b6 12. Qh4 Bb7 13. f5 Nd7 14. Bh6 e6 15. Ng5 Bf6 16. fxg6 fxg6 17. Qg4 Bd4+ 18. Kh1 Re8 19. Rf7 Bc8 20. Raf1 Bf6 21. Rxh7 Ne5 22. Qh4 Re7 23. Rxf6 Rxh7 24. Nxh7 Kxh7 25. Bf4+ Kg7 26. Bxe5 Qc7 27. Rf7+ 1-0

[Event "Fagernes TV 2 Elo op"]
[Site "Fagernes"]
[Date "2015.12.29"]
[Round "4"]
[White "Brobakken, Lars Erik"]
[Black "Sjoberg, Isak"]
[Result "0-1"]
[WhiteElo "1755"]
[BlackElo "1963"]
[PlyCount "80"]
[EventDate "2015.12.27"]
[EventType "swiss"]
[EventRounds "9"]
[EventCountry "NOR"]
[SourceTitle "CBM 170 Extra"]
[Source "ChessBase"]
[SourceDate "2016.02.25"]
[SourceVersion "1"]
[SourceVersionDate "2016.02.25"]
[SourceQuality "1"]

1. e4 e5 2. Nf3 Nc6 3. Bb5 a6 4. Ba4 Nf6 5. 0-0 Be7 6. Re1 b5 7. Bb3 0-0 8. a4 Bb7 9. d3 d6 10. Nbd2 Nb8 11. Nf1 Nbd7 12. c3 c5 13. Ng3 Ne8 14. Nf5 Bf6 15. Ne3 Nc7 16. Nf5 Nb8 17. d4 Nc6 18. d5 Ne7 19. Ng3 g6 20. Bh6 Bg7 21. Bg5 f6 22. Bd2 c4 23. Bc2 f5 24. Ng5 h6 25. Ne6 Nxe6 26. dxe6 f4 27. Nf1 g5 28. b3 Rf6 29. Qe2 Qc8 30. Bb1 Rxe6 31. Ba2 d5 32. exd5 Bxd5 33. axb5 axb5 34. Reb1 cxb3 35. Rxb3 Bxb3 36. Bxb3 Rxa1 37. Bxe6+ Qxe6 38. Qxb5 Ra8 39. c4 Rc8 40. Bb4 Nc6 0-1

[Event "Fagernes Norsk op-B"]
[Site "Fagernes"]
[Date "2015.03.29"]
[Round "4"]
[White "Brobakken, Lars Erik"]
[Black "Shehzad, Kasher"]
[Result "0-1"]
[WhiteElo "1284"]
[BlackElo "1589"]
[PlyCount "74"]
[EventDate "2015.03.29"]
[EventType "swiss"]
[EventRounds "9"]
[EventCountry "NOR"]
[SourceTitle "EXT 2016"]
[Source "ChessBase"]
[SourceDate "2015.10.08"]
[SourceVersion "1"]
[SourceVersionDate "2015.10.08"]
[SourceQuality "1"]

1. d4 Nf6 2. Nf3 e6 3. c4 Be7 4. Nc3 b6 5. g3 Bb7 6. Bg2 d6 7. Qc2 Nbd7 8. e4 e5 9. d5 a5 10. 0-0 Nc5 11. Nh4 Nfd7 12. Nf5 g6 13. Ne3 h5 14. f4 exf4 15. gxf4 Bf6 16. Nb5 Ba6 17. e5 Bxb5 18. e6 Bd4 19. exf7+ Kxf7 20. cxb5 Re8 21. Rf3 Nf6 22. Kh1 Nfe4 23. Nc4 Nf2+ 24. Rxf2 Bxf2 25. Qxf2 Nd3 26. Qf3 Re1+ 27. Bf1 Nxc1 28. Nd2 Qh4 29. Ne4 Re8 30. Ng5+ Kg8 31. Ne6 Re7 32. f5 Rf7 33. Qg2 Qg4 34. Nd4 Qxd4 35. Qxg6+ Qg7 36. Kg2 Qxg6+ 37. fxg6 Rfxf1 0-1

[Event "Fagernes Norsk op-B"]
[Site "Fagernes"]
[Date "2015.03.29"]
[Round "5"]
[White "Tenold, Andreas"]
[Black "Brobakken, Lars Erik"]
[Result "0-1"]
[WhiteElo "1466"]
[BlackElo "1284"]
[PlyCount "100"]
[EventDate "2015.03.29"]
[EventType "swiss"]
[EventRounds "9"]
[EventCountry "NOR"]
[SourceTitle "EXT 2016"]
[Source "ChessBase"]
[SourceDate "2015.10.08"]
[SourceVersion "1"]
[SourceVersionDate "2015.10.08"]
[SourceQuality "1"]

1. c4 Nf6 2. Nc3 c6 3. Nf3 d5 4. e3 Bg4 5. d4 e6 6. c5 Nbd7 7. Bd3 e5 8. Be2 e4 9. Nd2 Bxe2 10. Qxe2 Ng8 11. 0-0 f5 12. f3 Ndf6 13. b4 b6 14. a4 bxc5 15. bxc5 Nh6 16. Qa6 Qc8 17. Qxc8+ Rxc8 18. Rb1 Rc7 19. Rb8+ Kf7 20. a5 g6 21. Ba3 Nd7 22. Rb3 Ke6 23. Rfb1 Be7 24. a6 Rcc8 25. Na4 Bf6 26. fxe4 dxe4 27. Nc4 f4 28. Rd1 Nf5 29. Bb2 Kd5 30. Na3 Nxe3 31. Rd2 Nb8 32. Rb7 Nxa6 33. Rxa7 Nc7 34. Nb6+ Ke6 35. Nxc8 Rxc8 36. Nc2 Nc4 37. Re2 Nxb2 38. Rxe4+ Kd5 39. Re2 Nc4 40. Ra4 Ne3 41. Nxe3+ fxe3 42. Rxe3 Rd8 43. Rd3 Ke4 44. Rb3 Bxd4+ 45. Kf1 Nb5 46. Rbb4 Rf8+ 47. Ke1 Kd5 48. Kd1 Nc3+ 49. Kc1 Nxa4 50. Rxa4 Rf2 0-1